| 000 | 01264cam a2200253 i 4500 | ||
|---|---|---|---|
| 001 | 114419 | ||
| 005 | 20230410130936.0 | ||
| 008 | 140211s2010 mx a 000 0 spa | ||
| 020 | _a9786071107619 | ||
| 041 | 0 | _aSpa. | |
| 050 | 1 | 4 |
_aPQ 8498.32 _bV297t _b2010 |
| 100 | 1 |
_aVargas Llosa, Mario, _d1936- |
|
| 245 | 1 | 0 |
_aTravesuras de la niña mala/ _cMario Vargas Llosa. |
| 260 |
_aMéxico D.F.: _bSantillana ediciones generales, _c[2010] |
||
| 300 |
_a418 p.: _c19 cm. |
||
| 440 | 0 | _aPunto de lectura 4/13 | |
| 520 | _a"Cuál es el verdadero rostro del amor? Ricardo ve cumplido, a una edad muy temprana, el sueño que en su Lima natal alimentó desde que tenía uso de razón: vivir en Parí́s. Pero el rencuentro con un amor de adolescencia lo cambiará todo. La joven, inconformista, aventurera, pragmática y inquieta, lo arrastrará fuera del pequeño mundo de sus ambiciones. Testigos de épocas convulsas y florecientes en ciudades como Londres, París, Tokio o Madrid, ambos personajes verán sus vidas entrelazarse sin llegar a coincidir del todo"---Desde la descripción de la editorial. | ||
| 650 | 0 | _aPeruvian novel. | |
| 650 | 0 | _aLoving novel. | |
| 650 | 4 | _aNovela peruana. | |
| 650 | 4 | _aNovela amorosa. | |
| 942 |
_2lcc _cbk |
||
| 946 | _adpf | ||
| 999 |
_c83177 _d83177 |
||